Continents by Population - Statistics

General Stats
  • This quiz has been taken 127 times
  • The average score is 5 of 7
Answer Stats
# Continent % Correct
4,436,224,000 Asia
100%
1,216,130,000 Africa
93%
738,849,000 Europe
80%
579,024,000 North America
62%
422,535,000 South America
58%
39,901,000 Australia
48%
1,106 Antarctica
39%
No matching quizzes found
Score Distribution
Percent of People with Each Score
Percentile by Number Answered
Your Score History
You have not taken this quiz